000 01688nam a2200361 i 4500
999 _c2864
_d2864
001 021165934
003 UkOxU
005 20230828090622.0
008 171207m20189999enk 000|j eng d
015 _aGBB7O1424
_2bnb
016 7 _a018645622
_2Uk
020 _a9781108462297
_qv.1
035 _a(Uk)018645622
035 _a(StEdALDL)1/3618923
040 _aStDuBDS
_beng
_erda
_cStDuBDS
_dUkOxU
_dKH8
049 _aCROBAR
082 0 4 _a823.010 CAM
_223
130 _aStories of ourselves
245 0 0 _aStories of ourselves :
_bCambridge assessment international education anthology of stories in English.
264 1 _aCambridge :
_bCambridge University Press,
_c2018-
264 4 _c©2018-
300 _avii, 420 pages ;
_c25 cm.
336 _atext
_2rdacontent
337 _aunmediated
_2rdamedia
338 _avolume
_2rdacarrier
490 1 _aCambridge International Examinations
520 _aParts of Stories of Ourselves Volume 1 are set for study in Cambridge IGCSE®, O Level and International AS & A Level Literature in English courses. Each short story in this collection has its own unique voice and point of view. They may differ in form, genre, style, tone and origin, but all have been chosen because of their wide appeal. Written in English by authors from different countries and cultures, the anthology includes works by Charles Dickens, H.G. Wells, Virginia Woolf, Graham Greene, V.S. Naipaul, R.K Narayan, Janet Frame, Raymond Carver, Jhumpa Lahiri, Annie Proulx and many others.
650 0 _aShort stories, English.
650 0 _aReaders.
700 1 _aWilmer, Mary,
_eeditor.
830 0 _aCambridge International Examinations
942 _2ddc
_cTR